000 00527nam a22001817a 4500
005 20251108164817.0
008 250721s1990 xx 000 0 ara d
082 1 4 _a811.9565/خري
100 1 _aالخريشا، فتحي فايز أبو دخنيه
245 1 0 _aسفر بلا عنوان :
_bشعر /
264 1 _aعمان :
_bمؤسسة حماد،
_c1990.
300 _a67ص.
650 1 7 _aالشعر العربي
650 1 7 _aالعصر الحديث
650 1 7 _aالأردن
942 _2ddc
_cBK
999 _c14919
_d14919